Paediatric clinical examination made easy (Record no. 33332)

MARC details
000 -LEADER
fixed length control field 00516nam a2200193Ia 4500
020 ## - INTERNATIONAL STANDARD BOOK NUMBER
ISBN 9780702072895
050 ## - CALL MARK
Classification number RJ 50 .G55/
100 ## - STATEMENT OF RESPONSIBILITY--MAIN AUTHOR NAME
Personal name Gill, Denis
245 #0 - TITLE STATEMENT
Title Paediatric clinical examination made easy
250 ## - EDITION / VOLUME STATEMENT
Edition / Volume statement 6th ed.
260 ## - PUBLICATION, DISTRIBUTION, ETC. (IMPRINT)
Place of publication Elsevier
260 ## - PUBLICATION, DISTRIBUTION, ETC. (IMPRINT)
Name of publisher Philadelphia
260 ## - PUBLICATION, DISTRIBUTION, ETC. (IMPRINT)
Year of publication 2018
300 ## - PHYSICAL DESCRIPTION
Number of Pages 297 p
650 ## - SUBJECT ADDED ENTRY--TOPICAL TERM
Topical Term Children--Medical examinations. Children--Physical examination and diagnosis.
942 ## - ADDED ENTRY ELEMENTS (KOHA)
Koha item type Books
Holdings
Withdrawn status Lost status Source of classification or shelving scheme Damaged status Not for loan Permanent Location Current Location Shelving location Date acquired Accession Number Price effective from Koha item type
    Library of Congress Classification     NILE UNIVERSITY OF NIGERIA - MAIN LIBRARY NILE UNIVERSITY OF NIGERIA - MAIN LIBRARY Items on shelf 04/23/2025 0194001 04/23/2025 Books